Beyblade - Coups Spéciaux (Metal Fusion) - Statistiques

Statistiques générales
  • Ce quiz a été pris 178 fois
  • Le résultat moyen est 14 sur 35
Statistiques - réponses
Toupies Coups Spéciaux % Correct
Pegasus Explosion Stellaire
86%
Leone Rugissement Tempétueux du Lion
81%
Bull Attaque de la Corne Rouge
70%
Libra Jugement Infernal
68%
L-Drago Morsure Fulgurante de l'Empereur Dragon
66%
Pegasus Tempête Engloutissante
62%
Sagittario Griffes en Feu de Sagittario
60%
Libra Vague Sonique
58%
Eagle Frappe des Ailes d'Acier
52%
Aquario Multi-attaque d'Aquario
52%
Aries Assaut des Cornes du Bélier
48%
Leone Explosion Dévastatrice du Lion
48%
Libra Destruction Sonique
47%
Fireblaze Coup du Brasier Infernal
46%
Eagle Attaque en Piqué
44%
Serpent Attaque du Venin
42%
Leone Danse Endiablée des Crocs du Vent
42%
Eagle Riposte Inévitable
42%
Bull Attaque Suprême du Taureau
38%
Pegasus Coup de la Galaxie Nova
37%
Wolf Morsure Destructrice des Ténèbres
32%
Aries Assaut de la Tempête de Vent
31%
Libra Bouclier Sonique
30%
Leone Souffle Explosif du Lion en Furie
29%
Pisces Attaque Déformatrice
25%
Eagle Coup de Griffes Acérées
25%
Bull Force de Frappe Maximale
25%
Gemios Coup d'Eclat
21%
Gasher Secousse des Six Crabes
21%
Orso Taillade Profonde de l'Ours
21%
Gemios Mur de Flamme
18%
Virgo Pirouette
18%
Virgo Grande Jetée
17%
Capricorne Vrille Foudroyante Eclair
17%
Gemios Poing Glacé
13%
Aucun quiz correspondant
Distribution des résultats
% des personnes avec chaque résultat
Percentile par nombre de réponses
Votre historique - résultats
Vous n’avez pas pris ce quiz